Poética de Saint-John Perse
Պահպանված է:
| Հիմնական հեղինակ: | |
|---|---|
| Ձևաչափ: | Գիրք |
| Լեզու: | իսպաներեն |
| Հրապարակվել է: |
Madrid
Dilema
2004
|
| Հրատարակություն: | 1a. ed |
| Խորագրեր: | |
| Ցուցիչներ: |
Ավելացրեք ցուցիչ
Չկան պիտակներ, Եղեք առաջինը, ով նշում է այս գրառումը!
|
MARC
| LEADER | 00000cam a2200000 a 4500 | ||
|---|---|---|---|
| 001 | UCE1979 | ||
| 003 | CL-VaPUC | ||
| 008 | 140529e20040000sp |||||||||||||||||spa|d | ||
| 020 | |a 8496079422 | ||
| 082 | 0 | 4 | |a 843 |b CAI |2 21 |
| 100 | 0 | |a Caillois, Roger |e author |9 574431 | |
| 245 | 1 | 0 | |a Poética de Saint-John Perse |
| 250 | |a 1a. ed | ||
| 300 | |a 220 p | ||
| 942 | |c BK | ||
| 945 | |d 20140529 12:24:00 |a dcastane | ||
| 260 | |a Madrid |b Dilema |c 2004 | ||
| 650 | 0 | |a Poesía francesa |9 264947 | |
| 650 | 0 | |a Crítica e interpretación |9 255042 | |
| 650 | 0 | |a Poética |9 266624 | |
| 583 | |a last modification |c 20140529 12:24:00 |k Rodrigo Vera | ||
| 999 | |c 355662 |d 355660 | ||
| 952 | |0 0 |1 0 |3 erb |4 0 |6 843_000000000000000_CAI_2004 |7 0 |8 A |9 462442 |a BIBART |b BIBART |i 5081602 |o 843 CAI 2004 |p 5081602 |r 2025-03-13 |w 2019-11-23 |y BK |z Catalogado en:20140529 |k ART | ||